Essential microsoft works: tutorials for teachers versions 2.0 and 3.0. / (Record no. 2160)
[ view plain ]
| 000 -LEADER | |
|---|---|
| fixed length control field | 01364nam a22001817a 4500 |
| 008 - FIXED-LENGTH DATA ELEMENTS--GENERAL INFORMATION | |
| fixed length control field | 120824t xxu||||| |||| 00| 0 eng d |
| 020 ## - INTERNATIONAL STANDARD BOOK NUMBER | |
| International Standard Book Number | 0697218139 |
| 050 ## - LIBRARY OF CONGRESS CALL NUMBER | |
| Classification number | QA76.76.I57 P78 |
| 100 ## - MAIN ENTRY--PERSONAL NAME | |
| Personal name | Poole, Bernard |
| 245 ## - TITLE STATEMENT | |
| Title | Essential microsoft works: tutorials for teachers versions 2.0 and 3.0. / |
| Statement of responsibility, etc. | Bernard J. Poole and Susan Giorgio Bond |
| 260 ## - PUBLICATION, DISTRIBUTION, ETC. | |
| Place of publication, distribution, etc. | Madison Wisconsin: |
| Name of publisher, distributor, etc. | Brown and Benchmark, |
| Date of publication, distribution, etc. | c1994 |
| 300 ## - PHYSICAL DESCRIPTION | |
| Extent | xii, 260 p.: |
| Other physical details | ill.; |
| Dimensions | 28cm. |
| 500 ## - GENERAL NOTE | |
| General note | Includes index. |
| 505 ## - FORMATTED CONTENTS NOTE | |
| Formatted contents note | Contents: Introduction -- Beginner's introduction to works: fundamentals of electronic data management -- Introduction to the word processor: writing a conference call letter -- Introduction to the database: keeping student records -- Introduction to the spreadsheet: preparing a gradesheet -- More on word processing: working with larger documents -- More on database use: manipulating the data in the database -- More on the use of the spreadsheet: making changes to existing spreadsheets -- Integrating the three components of works: mail merge and related operations -- Appendix A: Beginner's introduction to computers -- Appendix B: The Works communications module: connecting your Mac to the world -- Appendix C: Works at a glance: the basic works menu system (version 2.0 and 3.0). |
| 650 ## - SUBJECT ADDED ENTRY--TOPICAL TERM | |
| Topical term or geographic name entry element | Microsoft office |
| 700 ## - ADDED ENTRY--PERSONAL NAME | |
| Personal name | Bond, Susan Giorgio |
| 942 ## - ADDED ENTRY ELEMENTS (KOHA) | |
| Source of classification or shelving scheme | Library of Congress Classification |
| Koha item type | Books |
| Withdrawn status | Lost status | Source of classification or shelving scheme | Damaged status | Not for loan | Home library | Current library | Shelving location | Date acquired | Total Checkouts | Full call number | Barcode | Date last seen | Copy number | Price effective from | Koha item type |
|---|---|---|---|---|---|---|---|---|---|---|---|---|---|---|---|
| Library of Congress Classification | WISCONSIN INTERNATIONAL UNIVERSITY COLLEGE, GHANA - MAIN LIBRARY | WISCONSIN INTERNATIONAL UNIVERSITY COLLEGE, GHANA - MAIN LIBRARY | General Stacks | 24/08/2012 | QA76.76.I57 P78 | 5081/12 | 24/08/2012 | 1 | 24/08/2012 | Books | |||||
| Library of Congress Classification | WISCONSIN INTERNATIONAL UNIVERSITY COLLEGE, GHANA - MAIN LIBRARY | WISCONSIN INTERNATIONAL UNIVERSITY COLLEGE, GHANA - MAIN LIBRARY | General Stacks | 24/08/2012 | QA76.76.I57 P781 | 5082/12 | 24/08/2012 | 2 | 24/08/2012 | Books | |||||
| Library of Congress Classification | WISCONSIN INTERNATIONAL UNIVERSITY COLLEGE, GHANA - MAIN LIBRARY | WISCONSIN INTERNATIONAL UNIVERSITY COLLEGE, GHANA - MAIN LIBRARY | General Stacks | 24/08/2012 | QA76.76.I57 P782 | 5083/12 | 24/08/2012 | 3 | 24/08/2012 | Books | |||||
| Library of Congress Classification | WISCONSIN INTERNATIONAL UNIVERSITY COLLEGE, GHANA - MAIN LIBRARY | WISCONSIN INTERNATIONAL UNIVERSITY COLLEGE, GHANA - MAIN LIBRARY | General Stacks | 24/08/2012 | QA76.76.I57 P783 | 5084/12 | 24/08/2012 | 4 | 24/08/2012 | Books |
